000 00633nam a2200181Ia 4500
003 IN-BaIIA
008 211028s9999 xx 000 0 eng d
040 _cIIA Library
080 _a016:553
_bGSI
100 _aLa Touche,T. H. D.
_920058
245 2 _aA bibliography of Indian geology and physical geography with an annotated index of minerals of economic value.
_cT. H. D. La Touche
260 _aCalcutta
_bGeological Survey of India
_c1918
300 _a490p.
650 _aGeology
650 _aMinerals-annotated index
_920059
650 _aPhysical geography
_917226
942 _cBK
999 _c11612
_d11612